| 000 | nam a22 a 4500 | ||
|---|---|---|---|
| 999 |
_c1159 _d1159 |
||
| 003 | AKMAL | ||
| 005 | 20170508144634.0 | ||
| 008 | 170508s2006 00 eng d | ||
| 020 | _a9677009567 : | ||
| 040 | _aAKMAL | ||
| 082 | _a382.95950549 CUS | ||
| 090 |
_a382.95950549 _bCUS |
||
| 110 | 1 |
_aMalaysia _9400 |
|
| 245 | 1 |
_aCustoms Duties ( Goods Under The Early Harvest Programme) (Free Trade Agreement Between Malaysia And Islamic Republic of Pakistan) Order 2006 / _cPenasihat Undang-undang MDC |
|
| 260 |
_aKuala Lumpur : _bMDC Publishers , _c2006 |
||
| 300 |
_a58p. _c26cm |
||
| 490 | 1 | _aLaws of Malaysia | |
| 650 | 1 | 0 |
_aTariff _xLaw and legislation _zMalaysia _920 |
| 650 | 2 | 0 |
_aTarif _xTerminology and classification _zMalaysia _92357 |
| 650 | 2 | 0 |
_aCommercial products _xClassification _zMalaysia _9835 |
| 650 | 2 | 0 |
_aExport duties _xTerminology and classification _zMalaysia _92358 |
| 710 | 2 |
_aPenasihat Undang-Undang MDC _9405 |
|
| 830 | 0 |
_aUNDANG-UNDANG MALAYSIA _92359 |
|
| 942 |
_2ddc _cBOOK |
||
| 950 | _lAKMAL | ||